BIBLIOTECA PODER JUDICIAL
Portal Judicial TDF

El art. 84 bis. Un estudio técnico y filosófico / (Registro nro. 5591)

000 -LEADER
fixed length control field 01204nab a22002537a 4500
003 - CONTROL NUMBER IDENTIFIER
control field OSt
005 - DATE AND TIME OF LATEST TRANSACTION
control field 20251219123517.0
008 - FIXED-LENGTH DATA ELEMENTS--GENERAL INFORMATION
fixed length control field 190429b xxu||||| |||| 00| 0 spa d
040 ## - CATALOGING SOURCE
Transcribing agency PJ
100 ## - MAIN ENTRY--PERSONAL NAME
9 (RLIN) 6570
Personal name Casorla Yalet, Roberto
245 13 - TITLE STATEMENT
Title El art. 84 bis. Un estudio técnico y filosófico /<br/>
Statement of responsibility, etc Roberto Casorla Yalet.
260 ## - PUBLICATION, DISTRIBUTION, ETC. (IMPRINT)
Date of publication, distribution, etc Ciudad Autónoma de Buenos Aires :
Place of publication, distribution, etc Thomson Reuters La Ley,
Name of publisher, distributor, etc 2025.
300 ## - PHYSICAL DESCRIPTION
Extent p. 91-98
500 ## - GENERAL NOTE
General note Cita: AR/DOC/1351/2025.
505 ## - FORMATTED CONTENTS NOTE
Formatted contents note Sumario: I. Introducción.— II. Hechos probados.— III. Análisis de los fundamentos jurídicos.— IV. La naturaleza culposa y el alcance normativo del art. 84 bis del Cód. Penal.— V. Conclusión.<br/>
505 ## - FORMATTED CONTENTS NOTE
Formatted contents note Fallo comentado: TOral Crim.Correc. Nro. 2 ~ 28/11/2024 ~ Causa N.º 7691.
505 ## - FORMATTED CONTENTS NOTE
Title Si te interesa el texto completo, solicitalo a koha@justierradelfuego.gov.ar
650 #0 - SUBJECT ADDED ENTRY--TOPICAL TERM
9 (RLIN) 343
Topical term or geographic name as entry element DERECHO PENAL
650 #0 - SUBJECT ADDED ENTRY--TOPICAL TERM
9 (RLIN) 3128
Topical term or geographic name as entry element DELITO CULPOSO
650 #0 - SUBJECT ADDED ENTRY--TOPICAL TERM
9 (RLIN) 2943
Topical term or geographic name as entry element HOMICIDIO CULPOSO
650 #0 - SUBJECT ADDED ENTRY--TOPICAL TERM
9 (RLIN) 4053
Topical term or geographic name as entry element IMPUTABILIDAD
773 0# - HOST ITEM ENTRY
Host Biblionumber 2658
Host Itemnumber 3164
Title Revista de derecho penal y criminología. Nº 6 - Julio 2025
Place, publisher, and date of publication Ciudad Autónoma de Buenos Aires : Thomson Reuters La Ley, 2017-
International Standard Serial Number 00347914
942 ## - ADDED ENTRY ELEMENTS (KOHA)
Source of classification or shelving scheme
Koha item type Analítica Artículo de Revista

No hay ítems disponibles.

12 de Octubre 789 Ushuaia - Tel:  54(02901)441571
Horario de Atención: 8.00 a 17.00 hs. 
bibliotecaush@justierradelfuego.gov.ar
koha@justierradelfuego.gov.ar
Seguinos en nuestras redes @bibliojustdf 

Con tecnología Koha